[Event "Schleswig Holstein-ch Seniors op 11th"]
[Site "Buesum"]
[Date "2017.09.11"]
[Round "4"]
[White "Kuehnen, Gerhard"]
[Black "Woelfert, Juergen"]
[Result "0-1"]
[WhiteElo "1639"]
[BlackElo "1860"]
[PlyCount "36"]
[EventDate "2017.09.08"]
[EventType "swiss"]
[EventRounds "9"]
[EventCountry "GER"]
[SourceTitle "EXT 2019"]
[Source "ChessBase"]
[SourceDate "2018.10.10"]
[SourceVersion "1"]
[SourceVersionDate "2018.10.10"]
[SourceQuality "1"]

1. d4 Nf6 2. e3 d6 3. Bd3 g6 4. h3 Bg7 5. c3 0-0 6. f4 c5 7. Nd2 Nc6 8. Ngf3 a6 9. b3 Nd5 10. Nb1 cxd4 11. exd4 e5 12. fxe5 dxe5 13. 0-0 exd4 14. cxd4 Nxd4 15. Bxg6 Nxf3+ 16. Rxf3 hxg6 17. Rd3 Qb6+ 18. Kh1 Be6 0-1

[Event "Schleswig Holstein-ch Seniors op 11th"]
[Site "Buesum"]
[Date "2017.09.09"]
[Round "2"]
[White "Kuehnen, Gerhard"]
[Black "Baerthel, Klaus"]
[Result "1/2-1/2"]
[WhiteElo "1639"]
[BlackElo "1938"]
[PlyCount "25"]
[EventDate "2017.09.08"]
[EventType "swiss"]
[EventRounds "9"]
[EventCountry "GER"]
[SourceTitle "EXT 2019"]
[Source "ChessBase"]
[SourceDate "2018.10.10"]
[SourceVersion "1"]
[SourceVersionDate "2018.10.10"]
[SourceQuality "1"]

1. d4 Nf6 2. e3 g6 3. f4 Bg7 4. c3 d5 5. Bd3 Nbd7 6. Nf3 e6 7. 0-0 0-0 8. Nbd2 c5 9. b3 b6 10. Ne5 Bb7 11. Ndf3 Rc8 12. Bd2 Ne4 13. Be1 1/2-1/2

[Event "Schleswig Holstein-ch Seniors op 11th"]
[Site "Buesum"]
[Date "2017.09.08"]
[Round "1"]
[White "Piastowski, Kurt"]
[Black "Kuehnen, Gerhard"]
[Result "1/2-1/2"]
[WhiteElo "1940"]
[BlackElo "1639"]
[PlyCount "66"]
[EventDate "2017.09.08"]
[EventType "swiss"]
[EventRounds "9"]
[EventCountry "GER"]
[SourceTitle "EXT 2019"]
[Source "ChessBase"]
[SourceDate "2018.10.10"]
[SourceVersion "1"]
[SourceVersionDate "2018.10.10"]
[SourceQuality "1"]

1. d4 Nf6 2. Nf3 d6 3. c4 c6 4. Nc3 Nbd7 5. Bg5 Qc7 6. e4 e5 7. d5 Be7 8. Be2 Nc5 9. Qc2 0-0 10. Rc1 Re8 11. 0-0 a6 12. b4 Ncd7 13. Nd2 Qb8 14. Be3 c5 15. a3 b6 16. f4 exf4 17. Bxf4 Ne5 18. Rb1 Bg4 19. Bxg4 Nfxg4 20. h3 Nf6 21. bxc5 dxc5 22. Nf3 Nfd7 23. Nxe5 Nxe5 24. Na4 b5 25. Qf2 Bd6 26. Bxe5 Bxe5 27. Qxf7+ Kh8 28. Nb2 Rf8 29. Qxf8+ Qxf8 30. Rxf8+ Rxf8 31. cxb5 Bd4+ 32. Kh2 Be5+ 33. Kg1 Bd4+ 1/2-1/2

[Event "Schleswig Holstein-ch Seniors op 10th"]
[Site "Buesum"]
[Date "2016.10.03"]
[Round "8"]
[White "Kuehnen, Gerhard"]
[Black "Schwab, Wolfgang"]
[Result "0-1"]
[WhiteElo "1657"]
[BlackElo "1796"]
[PlyCount "80"]
[EventDate "2016.09.26"]
[EventType "swiss"]
[EventRounds "9"]
[EventCountry "GER"]
[SourceTitle "EXT 2019"]
[Source "ChessBase"]
[SourceDate "2018.10.10"]
[SourceVersion "1"]
[SourceVersionDate "2018.10.10"]
[SourceQuality "1"]

1. d4 Nf6 2. c4 c5 3. d5 b5 4. cxb5 a6 5. e3 d6 6. a4 g6 7. Nc3 Bg7 8. Qc2 0-0 9. Bd3 Nbd7 10. Nf3 Bb7 11. e4 Ng4 12. Bf4 Qc8 13. Nd2 Bd4 14. 0-0 Nde5 15. Nc4 Qd8 16. h3 Nxd3 17. Qxd3 Nf6 18. Ne2 Nh5 19. Bh2 Bg7 20. f4 Nf6 21. f5 Nd7 22. Rf3 axb5 23. Nxd6 exd6 24. Qxb5 Ba6 25. Qb3 Bxe2 26. Rff1 Bxf1 27. Rxf1 Bd4+ 28. Kh1 Ne5 29. f6 Nd7 30. Bxd6 Nxf6 31. Bxf8 Kxf8 32. Qb7 Rb8 33. Qa7 Nd7 34. e5 Bxe5 35. Qa6 Qb6 36. Qe2 Qxb2 37. Qe3 Kg7 38. g3 Rb3 39. Qg5 Rxg3 40. Rxf7+ Kxf7 0-1

[Event "Schleswig Holstein-ch Seniors op 10th"]
[Site "Buesum"]
[Date "2016.10.02"]
[Round "7"]
[White "Kynast, Reinhard"]
[Black "Kuehnen, Gerhard"]
[Result "1-0"]
[WhiteElo "1802"]
[BlackElo "1657"]
[PlyCount "125"]
[EventDate "2016.09.26"]
[EventType "swiss"]
[EventRounds "9"]
[EventCountry "GER"]
[SourceTitle "EXT 2019"]
[Source "ChessBase"]
[SourceDate "2018.10.10"]
[SourceVersion "1"]
[SourceVersionDate "2018.10.10"]
[SourceQuality "1"]

1. c4 c5 2. Nc3 Nf6 3. Nf3 d6 4. e3 e6 5. d4 Nbd7 6. Be2 a6 7. 0-0 Qc7 8. Bd2 Be7 9. Rc1 0-0 10. Qc2 b6 11. Bd3 Re8 12. Rfe1 e5 13. d5 Nf8 14. h3 Bd7 15. e4 Qc8 16. Kh2 h6 17. Be3 N6h7 18. Ng1 Ng6 19. Qd2 Bg5 20. Nge2 Nh4 21. f4 Bxh3 22. fxg5 Bxg2 23. Ng1 Nf3+ 24. Nxf3 Qh3+ 25. Kg1 Bxf3 26. Qh2 Qg4+ 27. Kf2 Nxg5 28. Bxg5 hxg5 29. Rg1 Qh4+ 30. Qxh4 gxh4 31. Kxf3 f6 32. Rg6 Kh7 33. Rcg1 Re7 34. a3 Rb8 35. R1g4 Rf7 36. Kg2 Rbf8 37. Kh3 Rb8 38. Kxh4 Rbf8 39. Kg3 Rb8 40. Kf3 Rbf8 41. Ke3 Rb8 42. Kd2 Rbf8 43. Ne2 Rb8 44. Ng3 b5 45. Kc2 Rfb7 46. Nf5 Rg8 47. Nxd6 Rd7 48. Nf5 Rb7 49. cxb5 a5 50. a4 Rc7 51. Bc4 Rf8 52. Rxg7+ Rxg7 53. Rxg7+ Kh8 54. Kc3 Rd8 55. b6 Rb8 56. Be2 Rd8 57. Bh5 Rb8 58. Kc4 Rd8 59. d6 Rxd6 60. Nxd6 Kxg7 61. Kxc5 Kh6 62. Bg4 Kg5 63. Bf5 1-0

[Event "Schleswig Holstein-ch Seniors op 10th"]
[Site "Buesum"]
[Date "2016.09.30"]
[Round "5"]
[White "Heinemann, Klaus Detlef"]
[Black "Kuehnen, Gerhard"]
[Result "0-1"]
[WhiteElo "1787"]
[BlackElo "1657"]
[PlyCount "158"]
[EventDate "2016.09.26"]
[EventType "swiss"]
[EventRounds "9"]
[EventCountry "GER"]
[SourceTitle "EXT 2019"]
[Source "ChessBase"]
[SourceDate "2018.10.10"]
[SourceVersion "1"]
[SourceVersionDate "2018.10.10"]
[SourceQuality "1"]

1. e4 c5 2. Nf3 d6 3. d4 cxd4 4. Nxd4 Nf6 5. Nc3 a6 6. Bg5 e6 7. Be2 Be7 8. 0-0 0-0 9. f4 e5 10. Nf3 Ng4 11. Nd5 f6 12. Bh4 exf4 13. h3 Ne3 14. Nxe3 fxe3 15. Kh1 Kh8 16. Qd4 f5 17. Bxe7 Qxe7 18. Qxe3 f4 19. Qd3 Nd7 20. Rad1 Nc5 21. Qd5 Nxe4 22. Kh2 Ng3 23. Rfe1 Nf5 24. Rd2 Qf6 25. Bd3 Ne3 26. Qh5 Bf5 27. Ng5 Qg6 28. Qxg6 hxg6 29. Bxf5 Rxf5 30. h4 Re8 31. Kh3 Rf6 32. c3 Re5 33. Rxd6 Rxg5 34. Rd8+ Kh7 35. hxg5 Rf5 36. Kh4 Nxg2+ 37. Kg4 Nxe1 38. Rd1 Nc2 39. Rh1+ Kg8 40. Rh2 Ne3+ 41. Kf3 Nc4 42. b3 Ne5+ 43. Ke4 Nf7 44. Rf2 Nxg5+ 45. Kd4 Ne6+ 46. Kd3 Nc5+ 47. Kd4 g5 48. b4 Ne6+ 49. Ke4 Rb5 50. a4 Rb6 51. Kf5 Kf7 52. Rd2 g6+ 53. Kg4 Kf6 54. Rd5 Nc7 55. Rxg5 Ne6 56. Rd5 Rc6 57. Rd3 Rc4 58. Rf3 Ke5 59. Rd3 Ke4 60. Rf3 g5 61. Rh3 b5 62. a5 Rc7 63. Rf3 Rd7 64. Rf1 Rd3 65. Re1+ Re3 66. Rd1 Rxc3 67. Rd6 Rg3+ 68. Kh5 Kf5 69. Rd5+ Kf6 70. Rd6 Rh3+ 71. Kg4 Rg3+ 72. Kh5 f3 73. Rxa6 f2 74. Rc6 f1Q 75. Rxe6+ Kxe6 76. Kg6 Qf6+ 77. Kh5 Qh8+ 78. Kg6 Qg8+ 79. Kh5 Kf5 0-1

[Event "Schleswig Holstein-ch Seniors op"]
[Site "Buesum"]
[Date "2014.09.29"]
[Round "5"]
[White "Kuehnen, Gerhard"]
[Black "Graffenberger, Marianne"]
[Result "1-0"]
[WhiteElo "1658"]
[BlackElo "1516"]
[PlyCount "129"]
[EventDate "2014.09.25"]
[EventType "swiss"]
[EventRounds "9"]
[EventCountry "GER"]
[SourceTitle "EXT 2018"]
[Source "ChessBase"]
[SourceDate "2017.10.13"]
[SourceVersion "1"]
[SourceVersionDate "2017.10.13"]
[SourceQuality "1"]

1. d4 Nf6 2. Nf3 g6 3. c4 d5 4. Nc3 c6 5. e3 Bg4 6. Be2 Ne4 7. Qd3 Bf5 8. Qd1 Bg7 9. Qb3 Qb6 10. Qa3 Qc7 11. Bd2 0-0 12. Rc1 e5 13. cxd5 exd4 14. Nb5 Qd8 15. Nbxd4 Qxd5 16. Bc4 Qd6 17. b4 Nd7 18. Qb3 c5 19. Nxf5 gxf5 20. Bd3 b6 21. 0-0 Ne5 22. Bxe4 fxe4 23. Nxe5 Bxe5 24. Rfd1 Qh6 25. g3 Rad8 26. Be1 Rxd1 27. Qxd1 Bd6 28. Bc3 Rd8 29. Be5 Be7 30. Qg4+ Qg6 31. Qe2 cxb4 32. Rc7 Qe6 33. Bd4 a5 34. Qb2 Rc8 35. Bxb6 a4 36. Qc2 Rb8 37. Rc6 Qf5 38. Qxa4 Bf8 39. Qa6 Qd7 40. Bd4 b3 41. Rb6 Rxb6 42. Qxb6 bxa2 43. Qf6 a1Q+ 44. Bxa1 Qd1+ 45. Kg2 Qf3+ 46. Qxf3 exf3+ 47. Kxf3 Bd6 48. Kg4 h6 49. Kf5 Be7 50. Bf6 Bc5 51. h4 Kh7 52. g4 Bb6 53. Bd4 Bd8 54. f4 Bxh4 55. Bf6 Bf2 56. e4 Be3 57. e5 Bd2 58. Ke4 Bc1 59. f5 Kg8 60. Kd5 Kf8 61. Kd6 Ke8 62. Bg7 Bg5 63. e6 fxe6 64. Kxe6 Bf4 65. f6 1-0

[Event "Schleswig Holstein-ch Seniors op"]
[Site "Buesum"]
[Date "2014.09.28"]
[Round "4"]
[White "Bordasch, Christian"]
[Black "Kuehnen, Gerhard"]
[Result "1-0"]
[WhiteElo "1811"]
[BlackElo "1658"]
[PlyCount "101"]
[EventDate "2014.09.25"]
[EventType "swiss"]
[EventRounds "9"]
[EventCountry "GER"]
[SourceTitle "EXT 2018"]
[Source "ChessBase"]
[SourceDate "2017.10.13"]
[SourceVersion "1"]
[SourceVersionDate "2017.10.13"]
[SourceQuality "1"]

1. d4 Nf6 2. c4 g6 3. Nc3 d6 4. e4 c6 5. Nf3 Qc7 6. Be2 e5 7. d5 a6 8. a4 Nbd7 9. 0-0 Bg7 10. Ne1 0-0 11. Be3 a5 12. Qd2 b6 13. Bh6 Nc5 14. Bxg7 Kxg7 15. Qc2 Ne8 16. Nd3 Na6 17. dxc6 Qxc6 18. Nd5 Ra7 19. b3 f5 20. f3 Be6 21. Qd2 f4 22. Nf2 h5 23. Nd1 h4 24. h3 Rh8 25. Nf2 Rf7 26. Rfd1 Rh5 27. Nc3 Rg5 28. Qe1 Qc5 29. Kh2 Rg3 30. Nh1 Rf8 31. Nxg3 hxg3+ 32. Kh1 Rh8 33. Bf1 Qc8 34. Qe2 g5 35. Kg1 Qc5+ 36. Kh1 Nf6 37. Rd5 Qc8 38. Rxd6 Bxh3 39. gxh3 Rxh3+ 40. Bxh3 Qxh3+ 41. Kg1 g4 42. Rxf6 gxf3 43. Qxf3 Qh2+ 44. Kf1 Kxf6 45. Ra2 Qh3+ 46. Ke1 g2 47. Nd5+ Kf7 48. Qxg2 Qh4+ 49. Rf2 Nc5 50. Qh2 Nd3+ 51. Kf1 1-0

[Event "Schleswig Holstein-ch Seniors op"]
[Site "Eckernfoerde"]
[Date "2007.09.28"]
[Round "3"]
[White "Wisotzki, Guenter"]
[Black "Kuehnen, Gerhard"]
[Result "1-0"]
[WhiteElo "1532"]
[BlackElo "1330"]
[PlyCount "77"]
[EventDate "2007.09.26"]
[EventType "swiss"]
[EventRounds "7"]
[EventCountry "GER"]
[SourceTitle "EXT 2008"]
[Source "ChessBase"]
[SourceDate "2007.11.25"]
[SourceVersion "1"]
[SourceVersionDate "2007.11.25"]
[SourceQuality "1"]

1. d4 Nf6 2. c4 g6 3. Nc3 c6 4. Nf3 d6 5. e4 Nbd7 6. Be2 Bg7 7. 0-0 e5 8. Bg5 0-0 9. d5 Nc5 10. b4 Na6 11. a3 Qb6 12. Rb1 Qc7 13. Nd2 Ne8 14. b5 Nc5 15. Be3 Bd7 16. Bxc5 dxc5 17. Na4 cxb5 18. cxb5 b6 19. Bc4 Nd6 20. Ba2 Bxb5 21. Re1 f5 22. Rxb5 Kh8 23. Rb1 Rac8 24. Nc3 Rcd8 25. Nb5 Qb7 26. Nxd6 Rxd6 27. Nc4 Rdd8 28. Na5 Qd7 29. Nc6 Qxc6 30. dxc6 Rxd1 31. Rbxd1 fxe4 32. Rxe4 b5 33. Rd7 c4 34. f3 c3 35. Bb3 a5 36. a4 Rc8 37. axb5 Bf8 38. Rxe5 Rb8 39. c7 1-0